<?xml version="1.0" encoding="UTF-8"?>
<record
    xmlns:xsi="http://www.w3.org/2001/XMLSchema-instance"
    xsi:schemaLocation="http://www.loc.gov/MARC21/slim http://www.loc.gov/standards/marcxml/schema/MARC21slim.xsd"
    xmlns="http://www.loc.gov/MARC21/slim">

  <leader>01150nam a22001577a 4500</leader>
  <controlfield tag="008">200123b        xxu||||| |||| 00| 0 eng d</controlfield>
  <datafield tag="020" ind1=" " ind2=" ">
    <subfield code="a">9781842778296</subfield>
  </datafield>
  <datafield tag="050" ind1=" " ind2=" ">
    <subfield code="a">DT512.32. G3</subfield>
  </datafield>
  <datafield tag="245" ind1=" " ind2=" ">
    <subfield code="a">Ghana: one decade of the liberal state. /</subfield>
    <subfield code="c">edited by Kwame Boafo-Arthur.</subfield>
  </datafield>
  <datafield tag="260" ind1=" " ind2=" ">
    <subfield code="a">Dakar :</subfield>
    <subfield code="b">Codesria Books,</subfield>
    <subfield code="c">2007.</subfield>
  </datafield>
  <datafield tag="300" ind1=" " ind2=" ">
    <subfield code="a">xii, 303 p. :</subfield>
    <subfield code="c">22 cm.</subfield>
  </datafield>
  <datafield tag="500" ind1=" " ind2=" ">
    <subfield code="a">Includes index and bibliography.</subfield>
  </datafield>
  <datafield tag="505" ind1=" " ind2=" ">
    <subfield code="a">Contents: A decade of liberalism in perspective -- Trends in the promotion and protection of human rights under the 1992 Constitution -- Challenges of economic growth in a liberal economy -- Markets and liberal democracy -- Institutions and economic performance: Ghana's experience under the fourth Republic, 1992-2002 -- Political conflict and elite consensus in the liberal state -- A decade of political leadership in Ghana, 1993-2004 -- The security agencies and national security in a decade of liberalism -- Organized labour and the liberal state -- The liberal Ghanaian state and foreign policy: the dynamics of change and continuity -- Women and politics in Ghana 1993-2003.</subfield>
  </datafield>
  <datafield tag="700" ind1=" " ind2=" ">
    <subfield code="a">Boafo-Arthur, Kwame.</subfield>
  </datafield>
  <datafield tag="942" ind1=" " ind2=" ">
    <subfield code="2">lcc</subfield>
    <subfield code="c">BK</subfield>
  </datafield>
  <datafield tag="999" ind1=" " ind2=" ">
    <subfield code="c">6992</subfield>
    <subfield code="d">14492</subfield>
  </datafield>
  <datafield tag="952" ind1=" " ind2=" ">
    <subfield code="0">0</subfield>
    <subfield code="1">0</subfield>
    <subfield code="2">lcc</subfield>
    <subfield code="4">0</subfield>
    <subfield code="7">0</subfield>
    <subfield code="a">WIUC-1</subfield>
    <subfield code="b">WIUC-1</subfield>
    <subfield code="c">LL</subfield>
    <subfield code="d">2020-01-23</subfield>
    <subfield code="l">0</subfield>
    <subfield code="o">DT512.32. G3</subfield>
    <subfield code="p">2698/002/20</subfield>
    <subfield code="r">2020-01-23 00:00:00</subfield>
    <subfield code="w">2020-01-23</subfield>
    <subfield code="y">BK</subfield>
  </datafield>
</record>
